Employability Skills-XII (Record no. 12588)

MARC details
000 -LEADER
fixed length control field 00240nam a22000977a 4500
008 - FIXED-LENGTH DATA ELEMENTS--GENERAL INFORMATION
fixed length control field 240507b |||||||| |||| 00| 0 eng d
020 ## - INTERNATIONAL STANDARD BOOK NUMBER
International Standard Book Number 9789352922703
100 ## - MAIN ENTRY--PERSONAL NAME
Personal name NCERT
245 ## - TITLE STATEMENT
Title Employability Skills-XII
260 ## - PUBLICATION, DISTRIBUTION, ETC. (IMPRINT)
Place of publication, distribution, etc. New Delhi
Name of publisher, distributor, etc. NCERT
Date of publication, distribution, etc. 2020
Holdings
Withdrawn status Lost status Source of classification or shelving scheme Damaged status Koha normalized classification for sorting Not for loan Home library Current library Date acquired Total Checkouts Full call number Barcode Date last seen Price effective from Koha item type
    Dewey Decimal Classification   NCE_658_000000000000000   Good Samaritan School Library Good Samaritan School Library 05/07/2024   NCE658 NCE17928 05/07/2024 05/07/2024 BOOK

Powered by Koha